000 00581nam a22001697a 4500
005 20251108165454.0
008 250721s1997 xx 000 0 ara d
082 1 4 _aم/028.7/هان
100 1 _aالعمد، هاني
245 1 0 _aمصادر المكتبة العربية في اللغة و الأدب و المعاجم و التراجم /
264 1 _aعمان :
_bمؤسسة البلسم للنشر و التوزيع،
_c1997.
300 _aج
650 1 7 _aالمواد المرجعية
650 1 7 _aإستخدام المراجع
942 _2ddc
_cREF
999 _c28725
_d28725